000 00507 a2200181 4500
999 _c182924
_d182924
005 20220222111222.0
010 _aENG-130267
020 _a978-93-84401-98-6
_c150.00
035 _aEN-113799
037 _bDBAD / PUB
082 _a158.1
100 _aCarnegie, Dale
245 _aHow to Stop Worrying and Start Living:
_cDale Carnegie
260 _bPigeon Books India
_c2017
270 _mPigeonbooks@yahoo.com
300 _a326p.
_c18cm (pbk)
942 _adpl
_cEN
_2ddc
_h158.1
_mCAR